Statistiques concernant Légendes Pokémon Arceus- Tous les Gardiens

Cliquez ici pour prendre le quiz!

Statistiques générales

  • Ce quiz a été pris 2 fois
  • Le résultat moyen est 8 sur 10

Statistiques - réponses

DénominationNom du Gardien% Correct
Clan Diamant
Pokémon spécial: Electrode
Camille
100%
Clan Perle
Pokémon spécial: Farfurex
Chammal
100%
Clan Perle
Pokémon spécial: Hachécateur
Elian
100%
Clan Perle
Pokémon spécial: Ursaking
Lagéna
100%
Clan Diamant
Pokémon spécial: Fragilady
Marcia
100%
Clan Diamant
Pokémon spécial: Cerbyllin
Ryza
100%
Clan Perle
Pokémon spécial: Arcanin
Garana
50%
Clan Perle
Pokémon spécial: Séracrawl
Garrett
50%
Clan Diamant
Pokémon spécial: Paragruel
Graham
50%
Clan Diamant
Pokémon spécial: Gueriaigle
Sabi
0%

Distribution des résultats

Percentile par nombre de réponses

% des personnes avec chaque résultat

Votre développement - résultats

Vous n’avez pas pris ce quiz